Dalits rights/human rights/ (Record no. 9806)

000 -LEADER
fixed length control field 00436nam a22001811a 4500
020 ## - INTERNATIONAL STANDARD BOOK NUMBER
ISBN 9788131604274
082 ## - DEWEY DECIMAL CLASSIFICATION NUMBER
Classification number 305.568 8
Item number DEB/D
100 ## - MAIN ENTRY--AUTHOR NAME
Personal name Debi Chatterjee
245 ## - TITLE STATEMENT
Title Dalits rights/human rights/
Statement of responsibility, etc by Debi Chatterjee
260 ## - PUBLICATION, DISTRIBUTION, ETC. (IMPRINT)
Place of publication Jaipur:
Name of publisher Rawat,
Year of publication 2011.
300 ## - PHYSICAL DESCRIPTION
Number of Pages 237p.
650 ## - SUBJECT ADDED ENTRY--TOPICAL TERM
Topical Term Human Rights
650 ## - SUBJECT ADDED ENTRY--TOPICAL TERM
Topical Term Dalit Rights
650 ## - SUBJECT ADDED ENTRY--TOPICAL TERM
Topical Term Dalit Studies
650 ## - SUBJECT ADDED ENTRY--TOPICAL TERM
Topical Term Dalits
650 ## - SUBJECT ADDED ENTRY--TOPICAL TERM
Topical Term Social Sciences
942 ## - ADDED ENTRY ELEMENTS (KOHA)
Koha item type Book
Holdings
Withdrawn status Lost status Damaged status Not for loan Permanent Location Current Location Date acquired Cost, normal purchase price Full call number Accession Number Cost, replacement price Price effective from Koha item type
        Sree Sankaracharya University of Sanskrit Sree Sankaracharya University of Sanskrit 08.01.2015 595.00 305.568 8 DEB/D 069231 0.00 08.01.2015 Book